000 00625nam a2200241Ia 4500
005 20251020182449.0
008 200515s9999 xx 000 0 und d
020 _a968-6356-13-4
082 _a620.17/P90
100 _aPytel, Andrew
100 _aSinger±, Ferdinand L.
245 0 _aResistencia de materiales : Introducción a la mecánica de sólidos
250 _a4a ed.
260 _aMéxico, D.F.
260 _bOXFORD UNIVERSITY PRESS MÉXICO
260 _c1994
300 _a584
300 _btbl., graf.
500 _a1 ejemplar
650 _aRESISTENCIA DE MATERIALES
942 _cLIB
999 _c790
_d790